Guadeloupe + Martinique = 16 - Statistiques

Statistiques générales
  • Ce quiz a été pris 73 fois
    66 depuis la dernière actualisation
  • Le résultat moyen est 10 sur 16
Statistiques - réponses
Département % Correct
Ain
78%
Gard
69%
Gironde
69%
Loire
69%
Aude
66%
Marne
64%
Indre
63%
Lot
61%
Loiret
58%
Nord
58%
Eure
56%
Tarn
56%
Orne
54%
Drome
51%
Ariege
47%
Maine et Loire
42%
Aucun quiz correspondant
Distribution des résultats
% des personnes avec chaque résultat
Percentile par nombre de réponses
Votre historique - résultats
Vous n’avez pas pris ce quiz depuis la dernière actualisation